|
|
|
|
| LEADER |
00000nam a22000007a 4500 |
| 005 |
20221027005341.0 |
| 007 |
cr|||| |||| |
| 008 |
221027s2021 co |||||s|||| 00||0 spa d |
| 020 |
|
|
|a 978-958-798-047-9
|
| 035 |
|
|
|a 37417
|
| 040 |
|
|
|a vLex
|
| 090 |
|
|
|c 14056
|d 14056
|
| 100 |
1 |
|
|a Gonzl̀ez Ferrero, Maximiliano
|
| 245 |
1 |
0 |
|a Impacto de las Normas Internacionales de Informacin̤ Financiera (NIIF) en la valoracin̤ de empresas en Colombia
|h [Recurso electrn̤ico] /
|c Maximiliano Gonzl̀ez Ferrero, Rosa Isabel Gonzl̀ez Muǫz, Javier Ordę̤z Castro
|
| 256 |
|
|
|a Servicio en ln̕ea
|
| 260 |
|
|
|a Bogot:̀
|b Universidad de Los Andes (Colombia),
|c 2021
|
| 300 |
|
|
|a 1 recurso electrn̤ico
|
| 506 |
1 |
|
|a Disponible solo en los productos indicados
|d vLex Global
|d vLex Global (Academic Edition, excluding Law Schools)
|d vLex Global (U.S. Academic Edition, Law Schools)
|d vLex Global (U.S. Academic Edition, excluding Law Schools)
|d vLex Global (Academic Edition, Law Schools)
|
| 650 |
0 |
4 |
|a Derecho Mercantil y de la Empresa
|z Colombia
|
| 650 |
0 |
4 |
|a Derecho Fiscal
|z Colombia
|
| 700 |
1 |
|
|a Gonzl̀ez Muǫz, Rosa Isabel
|
| 700 |
1 |
|
|a Ordę̤z Castro, Javier
|
| 740 |
0 |
|
|a vLex Libros (Servicio en ln̕ea)
|
| 856 |
4 |
0 |
|u https://app.vlex.com/#/sources/37417
|z Acceso restringido
|
| 942 |
|
|
|c BOOK
|
| 999 |
0 |
|
|a Commercial and Company Law
|
| 999 |
0 |
|
|a Tax Law
|